biggest EXPORTERS in the world - Statistics

General Stats
  • This quiz has been taken 54 times
  • The average score is 7 of 8
Answer Stats
Answer % Correct
CHINA
100%
US
96%
FRANCE
92%
GERMANY
92%
UK
88%
JAPAN
87%
ITALY
75%
NETHERLANDS
31%
No matching quizzes found
Score Distribution
Percent of People with Each Score
Percentile by Number Answered
Your Score History
You have not taken this quiz